[Event "Sarmiento Erbe Memorial 2nd"]
[Site "Sarmiento"]
[Date "2017.10.28"]
[Round "3"]
[White "Moyano, Marco"]
[Black "Nunez, Benjamin"]
[Result "1/2-1/2"]
[WhiteElo "1736"]
[BlackElo "1843"]
[PlyCount "119"]
[EventDate "2017.10.27"]
[EventType "swiss"]
[EventRounds "7"]
[EventCountry "ARG"]
[SourceTitle "EXT 2019"]
[Source "ChessBase"]
[SourceDate "2018.10.10"]
[SourceVersion "1"]
[SourceVersionDate "2018.10.10"]
[SourceQuality "1"]

1. d4 Nf6 2. Bf4 g6 3. e3 Bg7 4. Bd3 0-0 5. Nf3 d6 6. c4 b6 7. Nc3 Bb7 8. 0-0 Nbd7 9. e4 Nh5 10. Be3 e5 11. d5 Nc5 12. Ne1 Nf4 13. Bxc5 bxc5 14. g3 Nxd3 15. Qxd3 Bc8 16. Ng2 Bh3 17. f3 f5 18. Rae1 Rf7 19. Nd1 Qd7 20. Nf2 Bxg2 21. Kxg2 Qa4 22. Ra1 Raf8 23. b3 Qa3 24. Qc3 Bh6 25. h3 Qa6 26. a3 c6 27. dxc6 Qxc6 28. b4 cxb4 29. axb4 Rc8 30. Rfd1 Qxc4 31. Qxc4 Rxc4 32. Rxd6 Bf8 33. Rd8 Rxb4 34. exf5 gxf5 35. Nd3 Rd4 36. Rxd4 exd4 37. Ra5 Bg7 38. Rd5 Kf8 39. Nf4 Ke7 40. Ra5 Kd8 41. Ne6+ Kc8 42. Rd5 Bf6 43. Nxd4 Bxd4 44. Rxd4 a5 45. Kf2 Ra7 46. Ra4 Kd7 47. Ke3 Kc6 48. Kf4 Kb5 49. Ra2 Rf7 50. Kg5 a4 51. f4 Rg7+ 52. Kh4 Kb4 53. g4 Kb3 54. Ra1 a3 55. gxf5 Kb2 56. Rf1 a2 57. Rf2+ Kb3 58. Rf3+ Kb2 59. Rf2+ Kb3 60. Rf3+ 1/2-1/2

[Event "ARG-ch sf U2300 Wilson Memorial 4th"]
[Site "La Falda"]
[Date "2017.06.24"]
[Round "1.7"]
[White "Moyano, Marco"]
[Black "Koncurat, Enzo"]
[Result "1-0"]
[WhiteElo "1756"]
[BlackElo "1524"]
[PlyCount "69"]
[EventDate "2017.06.24"]
[EventType "swiss"]
[EventRounds "6"]
[EventCountry "ARG"]
[SourceTitle "EXT 2024"]
[Source "ChessBase"]
[SourceDate "2023.10.10"]
[SourceVersion "1"]
[SourceVersionDate "2023.10.10"]
[SourceQuality "1"]

1. e4 c5 2. Nf3 d6 3. d4 cxd4 4. Nxd4 Nf6 5. Nc3 a6 6. Be3 Bd7 7. f3 Nc6 8. Qd2 e6 9. 0-0-0 Be7 10. g4 0-0 11. h4 b5 12. h5 b4 13. Nce2 Nxd4 14. Nxd4 Qc7 15. Bd3 Qa5 16. Kb1 Ne8 17. g5 g6 18. hxg6 fxg6 19. Qh2 Rf7 20. f4 Rc8 21. e5 Rg7 22. exd6 Bxd6 23. Nb3 Qd8 24. Bd4 e5 25. fxe5 Bb8 26. Qd2 Bc6 27. Rhf1 Rd7 28. Qxb4 Ng7 29. Bxa6 Rcc7 30. c3 Be4+ 31. Ka1 Bf5 32. Nc5 Re7 33. Bc4+ Kh8 34. e6 Ba7 35. Bxg7+ 1-0

[Event "Cordoba Villa Giardino op 15th"]
[Site "Cordoba"]
[Date "2016.05.25"]
[Round "1"]
[White "Paveto, Kevin"]
[Black "Moyano, Marco"]
[Result "1-0"]
[WhiteElo "2448"]
[BlackElo "1766"]
[PlyCount "53"]
[EventDate "2016.05.25"]
[EventType "swiss"]
[EventRounds "7"]
[EventCountry "ARG"]
[SourceTitle "EXT 2024"]
[Source "ChessBase"]
[SourceDate "2023.10.10"]
[SourceVersion "1"]
[SourceVersionDate "2023.10.10"]
[SourceQuality "1"]

1. e4 g6 2. d4 d6 3. Nc3 a6 4. Nf3 Bg7 5. a4 Nf6 6. h4 Bg4 7. Bc4 Nbd7 8. Qd3 Bxf3 9. Qxf3 c6 10. a5 0-0 11. h5 c5 12. hxg6 cxd4 13. Bxf7+ Rxf7 14. gxf7+ Kh8 15. Nd5 Ne5 16. Qf5 Qd7 17. Qxd7 Nfxd7 18. Bh6 Nxf7 19. Bxg7+ Kxg7 20. Nxe7 Nc5 21. Nf5+ Kg6 22. Nxd4 Nxe4 23. Ra3 Rc8 24. Re3 d5 25. f3 Ned6 26. Re6+ Kg7 27. Rh5 1-0